| 000 | 00935cab a2200265 4500 | ||
|---|---|---|---|
| 001 | WB3012-38 | ||
| 008 | 090401t1994 xxu||||| |||| 00| 0 eng d | ||
| 035 | _a(Sirsi) u10860 | ||
| 041 | _aeng | ||
| 245 | _aCable-laying damages trees | ||
| 260 | _c1994 | ||
| 350 | _a0 | ||
| 490 |
_aIndependent _v24 March 1994, 8(1) |
||
| 520 | _aProfessor Baines of the University of Central England has warned of extensive damage to street trees caused by cable-laying, claiming that 10% of trees have been fatally damaged in the past year and that with 60,000 miles of streets due to be trenched by 1998, the outlook is alarming. | ||
| 650 | _aCABLES | ||
| 650 | _aCONTROLS | ||
| 650 | _aSUPER-HIGHWAYS | ||
| 650 | _aTRENCHING | ||
| 650 | _aURBAN WILDLIFE PARTNERSHIP | ||
| 650 |
_aUtilities _96272 |
||
| 690 | _aHIGHWAYS RIGHTS OF WAY AND EASEMENTS | ||
| 690 | _aTRANSPORT AND COMMUNICATIONS | ||
| 942 | _n0 | ||
| 948 | _c04/03/1997 | ||
| 999 |
_c6913 _d6913 |
||